Entry Personal Name
Number of records used in: 1
001 - CONTROL NUMBER
003 - CONTROL NUMBER IDENTIFIER
005 - DATE AND TIME OF LATEST TRANSACTION
- control field:
20231108120134.0
008 - FIXED-LENGTH DATA ELEMENTS
- fixed length control field:
951113n| azannaabn |a aaa
010 ## - LIBRARY OF CONGRESS CONTROL NUMBER
- LC control number:
no 95053813
035 ## - SYSTEM CONTROL NUMBER
- System control number:
(OCoLC)oca03957083
040 ## - CATALOGING SOURCE
- Original cataloging agency:
InU
- Language of cataloging:
eng
- Description conventions:
rda
- Transcribing agency:
InU
- Modifying agency:
DLC
- Modifying agency:
CSt
046 ## - SPECIAL CODED DATES
100 1# - HEADING--PERSONAL NAME
- Personal name:
Vahed, Goolam H.,
- Dates associated with a name:
1961-
370 ## - ASSOCIATED PLACE
- Associated country:
South Africa
- Source of term:
naf
400 0# - SEE FROM TRACING--PERSONAL NAME
- Personal name:
Goolam Vahed,
- Dates associated with a name:
1961-
670 ## - SOURCE DATA FOUND
- Source citation:
The making of Indian identity in Durban, 1914-1949, 1995:
- Information found:
t.p. (Goolam H. Vahed) leaf 326 (b. 6-13-61)
670 ## - SOURCE DATA FOUND
- Source citation:
Making of a political reformer, 2005:
- Information found:
t.p. (Goolam Vahed) jkt. (Ph. D., 1995; asso. prof., U. of Kwazulu Natal, South Africa)
670 ## - SOURCE DATA FOUND
- Source citation:
Desai, Ashwin. The South African Gandhi, 2015:
- Information found:
ECIP title page (Goolam Vahed) data view (Associate Professor in the History, Society, and Social Change Cluster of the University of KwaZulu-Natal)